000 00684nam a2200193Ii 4500
003 JO-AjNU
008 230605s9999||||xx |||||||||||||| ||und||
040 _aJO-AjNU
_bara
_erda
_cJO-AjNU
041 _aara
050 1 4 _aPJ7692.R8.L6754 .1962
100 3 _aتأليف لورد،والتر ؛ ترجمة حسين القباني ,
_eauthor
_913514
245 0 0 _aليلة لا تنسى قصة غرق الباخرة (تيتانيك)
264 3 1 _aالقاهرة:دار النهضة،1962
300 _a218ص
336 _atext
_btxt
_2rdacontent
337 _aunmediated
_bn
_2rdamedia
338 _avolume
_bnc
_2rdacarrier
650 4 _aقصص مترجمة - التايتانيك
_913515
999 _aA3385
_c6953
_d6953